000 00357nam a2200121Ia 4500
008 220204s9999 xx 000 0 und d
082 _aNR:336(047)1967
_bIND
245 0 _aReport on the fixation of raw rubber prices, Bombay 1967
260 _aDelhi
_bManager of Publications
_c1968
650 _aRaw rubber price
650 _aTariff commission
942 _cBK
999 _c21121
_d21121